| 000 | 00508cam a22001337a 4500 | ||
|---|---|---|---|
| 008 | 180718b2001 xxu||||| |||| 00| 0 eng d | ||
| 100 | _aMendez, Javier Campos | ||
| 245 |
_aProcesses, information, and accounting gaps in the regulation of Argentina's private railways _cby Javier Campos-Mendez, Antonio Estache and Lurdes Trujillo |
||
| 260 |
_aWashington, D.C. _bWorld Bank _c2001 |
||
| 300 | _a45p. | ||
| 440 | _aPolicy research working paper 2636 | ||
| 700 | _aTrujillo, Lurdes | ||
| 700 | _aEstache, Antonio | ||
| 999 |
_c286870 _d286870 |
||